Разработка системы управления библиографической информацией; Молодежь и современные информационные технологии; Т. 2
| Parent link: | Молодежь и современные информационные технологии: сборник трудов XII Всероссийской научно-практической конференции студентов, аспирантов и молодых ученых, г. Томск, 12-14 ноября 2014 г./ Национальный исследовательский Томский политехнический университет (ТПУ), Институт кибернетики (ИК) ; ред. кол. Е. А. Сикора [и др.].— , 2014 Т. 2.— 2014.— [С. 26-27] |
|---|---|
| Autor principal: | |
| Autor corporatiu: | |
| Altres autors: | |
| Sumari: | Заглавие с титульного экрана |
| Idioma: | rus |
| Publicat: |
2014
|
| Col·lecció: | Информационные технологии в производстве и управлении |
| Matèries: | |
| Accés en línia: | http://earchive.tpu.ru/handle/11683/20206 http://www.lib.tpu.ru/fulltext/c/2014/C04/V2/007.pdf |
| Format: | Electrònic Capítol de llibre |
| KOHA link: | https://koha.lib.tpu.ru/cgi-bin/koha/opac-detail.pl?biblionumber=610745 |
MARC
| LEADER | 00000naa2a2200000 4500 | ||
|---|---|---|---|
| 001 | 610745 | ||
| 005 | 20231101132625.0 | ||
| 035 | |a (RuTPU)RU\TPU\conf\8378 | ||
| 035 | |a RU\TPU\conf\8366 | ||
| 090 | |a 610745 | ||
| 100 | |a 20150204d2014 k y0rusy50 ca | ||
| 101 | 0 | |a rus | |
| 102 | |a RU | ||
| 105 | |a y z 101zy | ||
| 135 | |a drcn ---uucaa | ||
| 181 | 0 | |a i | |
| 182 | 0 | |a b | |
| 200 | 1 | |a Разработка системы управления библиографической информацией |f С. Ю. Садковская, М. А. Тараник | |
| 203 | |a Текст |c электронный | ||
| 225 | 1 | |a Информационные технологии в производстве и управлении | |
| 230 | |a 1 компьютерный файл (pdf; 432 Kb) | ||
| 300 | |a Заглавие с титульного экрана | ||
| 320 | |a [Библиогр.: с. 27 (7 назв.)] | ||
| 337 | |a Adobe Reader | ||
| 461 | 1 | |0 (RuTPU)RU\TPU\conf\7802 |t Молодежь и современные информационные технологии |o сборник трудов XII Всероссийской научно-практической конференции студентов, аспирантов и молодых ученых, г. Томск, 12-14 ноября 2014 г. |o в 2 т. |f Национальный исследовательский Томский политехнический университет (ТПУ), Институт кибернетики (ИК) ; ред. кол. Е. А. Сикора [и др.] |d 2014 | |
| 463 | 0 | |0 (RuTPU)RU\TPU\conf\7813 |t Т. 2 |v [С. 26-27] |d 2014 | |
| 610 | 1 | |a труды учёных ТПУ | |
| 610 | 1 | |a электронный ресурс | |
| 610 | 1 | |a системы управления | |
| 610 | 1 | |a библиографическая информация | |
| 610 | 1 | |a научные исследования | |
| 610 | 1 | |a литературные источники | |
| 610 | 1 | |a списки | |
| 610 | 1 | |a программы | |
| 700 | 1 | |a Садковская |b С. Ю. | |
| 701 | 1 | |a Тараник |b М. А. |c специалист в области информатики и вычислительной техники |c техник Томского политехнического университета |f 1990- |g Максим Алексеевич |2 stltpush |3 (RuTPU)RU\TPU\pers\31665 | |
| 712 | 0 | 2 | |a Национальный исследовательский Томский политехнический университет (ТПУ) |b Отдел элитного образования (ОЭО) |h 5477 |2 stltpush |3 (RuTPU)RU\TPU\col\18924 |
| 801 | 2 | |a RU |b 63413507 |c 20210322 |g RCR | |
| 856 | 4 | |u http://earchive.tpu.ru/handle/11683/20206 | |
| 856 | 4 | |u http://www.lib.tpu.ru/fulltext/c/2014/C04/V2/007.pdf | |
| 942 | |c BK | ||